Animated Movies by Picture - N - Statistics

General Stats
  • This quiz has been taken 310 times
  • The average score is 4 of 12
Answer Stats
Picture Answer % Correct
The Nightmare Before Christmas
89%
Naruto the Movie: Ninja Clash in the Land of Snow
82%
The Nut Job
45%
9
38%
Norm of the North
29%
Nimona
27%
Nausicaä of the Valley of the Wind
24%
Neon Genesis Evangelion: The End of Evangelion
18%
Next Gen
12%
Ninja Scroll
6%
Night Is Short, Walk On Girl
5%
NiNoKuni
3%
No matching quizzes found
Score Distribution
Percent of People with Each Score
Percentile by Number Answered
Your Score History
You have not taken this quiz